Crystal Palace League Players Since 2014 - Statistics

General Stats
  • This quiz has been taken 100 times
    70 since last reset
  • The average score is 192 of 270
Answer Stats
% Correct
2023/24 (Premier League - 10th) Ghana ST 32 Jordan Ayew 35 4
100%
2022/23 (Premier League - 11th) Ghana ST 30 Jordan Ayew 38 4
100%
2021/22 (Premier League - 12th) Ghana ST 29 Jordan Ayew 31 3
100%
2020/21 (Premier League - 14th) Ghana ST 28 Jordan Ayew 33 1
100%
2019/20 (Premier League - 14th) Ghana ST 27 Jordan Ayew 37 9
100%
2018/19 (Premier League - 12th) Ghana ST 26 Jordan Ayew 20 1
100%
2022/23 (Premier League - 11th) Ivory Coast LW 29 Wilfried Zaha 27 7
100%
2021/22 (Premier League - 12th) Ivory Coast LW 28 Wilfried Zaha 33 14
100%
2020/21 (Premier League - 14th) Ivory Coast LW 27 Wilfried Zaha 30 11
100%
2019/20 (Premier League - 14th) Ivory Coast LW 26 Wilfried Zaha 38 4
100%
2018/19 (Premier League - 12th) Ivory Coast LW 25 Wilfried Zaha 34 10
100%
2017/18 (Premier League - 11th) Ivory Coast LW 24 Wilfried Zaha 29 9
100%
2016/17 (Premier League - 14th) Ivory Coast LW 23 Wilfried Zaha 35 7
100%
2015/16 (Premier League - 15th) Ivory Coast LW 22 Wilfried Zaha 34 2
100%
2014/15 (Premier League - 10th) Ivory Coast LW 21 Wilfried Zaha 31 4
100%
2021/22 (Premier League - 12th) Belgium ST 30 Christian Benteke 25 4
98%
2020/21 (Premier League - 14th) Belgium ST 29 Christian Benteke 30 10
98%
2019/20 (Premier League - 14th) Belgium ST 28 Christian Benteke 24 2
98%
2018/19 (Premier League - 12th) Belgium ST 27 Christian Benteke 16 1
98%
2017/18 (Premier League - 11th) Belgium ST 26 Christian Benteke 31 3
98%
2016/17 (Premier League - 14th) Belgium ST 25 Christian Benteke 36 15
98%
2023/24 (Premier League - 10th) England AM 25 Eberechi Eze 27 11
98%
2022/23 (Premier League - 11th) England AM 24 Eberechi Eze 38 10
98%
2021/22 (Premier League - 12th) England AM 23 Eberechi Eze 13 1
98%
2020/21 (Premier League - 14th) England AM 22 Eberechi Eze 34 4
98%
2023/24 (Premier League - 10th) France ST 26 Jean-Philippe Mateta 35 16
98%
2022/23 (Premier League - 11th) France ST 25 Jean-Philippe Mateta 29 2
98%
2021/22 (Premier League - 12th) France ST 24 Jean-Philippe Mateta 22 5
98%
2020/21 (Premier League - 14th) France ST 23 Jean-Philippe Mateta 7 1
98%
2016/17 (Premier League - 14th) Belgium ST 21 Jonathan Benteke 1
98%
2023/24 (Premier League - 10th) Ghana LM 31 Jeffrey Schlupp 29 2
95%
2022/23 (Premier League - 11th) Ghana LM 29 Jeffrey Schlupp 34 3
95%
2021/22 (Premier League - 12th) Ghana LM 28 Jeffrey Schlupp 32 4
95%
2020/21 (Premier League - 14th) Ghana LM 27 Jeffrey Schlupp 27 2
95%
2019/20 (Premier League - 14th) Ghana LM 26 Jeffrey Schlupp 17 3
95%
2018/19 (Premier League - 12th) Ghana LM 25 Jeffrey Schlupp 30 4
95%
2017/18 (Premier League - 11th) Ghana LM 24 Jeffrey Schlupp 24
95%
2016/17 (Premier League - 14th) Ghana LM 23 Jeffrey Schlupp 15
95%
2023/24 (Premier League - 10th) England RB 34 Joel Ward 26
95%
2022/23 (Premier League - 11th) England RB 32 Joel Ward 28 1
95%
2021/22 (Premier League - 12th) England RB 31 Joel Ward 28
95%
2020/21 (Premier League - 14th) England RB 30 Joel Ward 26
95%
2019/20 (Premier League - 14th) England RB 29 Joel Ward 29
95%
2018/19 (Premier League - 12th) England RB 28 Joel Ward 7 1
95%
2017/18 (Premier League - 11th) England RB 27 Joel Ward 19
95%
2016/17 (Premier League - 14th) England RB 26 Joel Ward 38
95%
2015/16 (Premier League - 15th) England RB 25 Joel Ward 30 2
95%
2014/15 (Premier League - 10th) England RB 24 Joel Ward 37 1
95%
2023/24 (Premier League - 10th) England CB 23 Marc Guehi 25
95%
2022/23 (Premier League - 11th) England CB 21 Marc Guehi 37 1
95%
2021/22 (Premier League - 12th) England CB 20 Marc Guehi 36 2
95%
2023/24 (Premier League - 10th) France RW 22 Michael Olise 19 10
95%
2022/23 (Premier League - 11th) France RW 20 Michael Olise 37 2
95%
2021/22 (Premier League - 12th) France RW 19 Michael Olise 26 2
95%
2023/24 (Premier League - 10th) England CM 29 Will Hughes 30
95%
2022/23 (Premier League - 11th) England CM 27 Will Hughes 27 1
95%
2021/22 (Premier League - 12th) England CM 26 Will Hughes 16
95%
2020/21 (Premier League - 14th) Netherlands LB 29 Patrick van Aanholt 22
93%
2019/20 (Premier League - 14th) Netherlands LB 28 Patrick van Aanholt 29 3
93%
2018/19 (Premier League - 12th) Netherlands LB 27 Patrick van Aanholt 36 3
93%
2017/18 (Premier League - 11th) Netherlands LB 26 Patrick van Aanholt 28 5
93%
2016/17 (Premier League - 14th) Netherlands LB 25 Patrick van Aanholt 11 2
93%
2019/20 (Premier League - 14th) Wales GK 32 Wayne Hennessey 3
93%
2018/19 (Premier League - 12th) Wales GK 31 Wayne Hennessey 18
93%
2017/18 (Premier League - 11th) Wales GK 30 Wayne Hennessey 27
93%
2016/17 (Premier League - 14th) Wales GK 29 Wayne Hennessey 29
93%
2015/16 (Premier League - 15th) Wales GK 28 Wayne Hennessey 29
93%
2014/15 (Premier League - 10th) Wales GK 27 Wayne Hennessey 3
93%
2023/24 (Premier League - 10th) England GK 27 Dean Henderson 18
90%
2023/24 (Premier League - 10th) Denmark CB 28 Joachim Andersen 38 2
90%
2022/23 (Premier League - 11th) Denmark CB 26 Joachim Andersen 32 1
90%
2021/22 (Premier League - 12th) Denmark CB 25 Joachim Andersen 34
90%
2022/23 (Premier League - 11th) Serbia DM 31 Luka Milivojevic 18
90%
2021/22 (Premier League - 12th) Serbia DM 30 Luka Milivojevic 15
90%
2020/21 (Premier League - 14th) Serbia DM 29 Luka Milivojevic 31 1
90%
2019/20 (Premier League - 14th) Serbia DM 28 Luka Milivojevic 31 3
90%
2018/19 (Premier League - 12th) Serbia DM 27 Luka Milivojevic 38 12
90%
2017/18 (Premier League - 11th) Serbia DM 26 Luka Milivojevic 36 10
90%
2016/17 (Premier League - 14th) Serbia DM 25 Luka Milivojevic 14 2
90%
2023/24 (Premier League - 10th) England RB 33 Nathaniel Clyne 19
90%
2022/23 (Premier League - 11th) England RB 31 Nathaniel Clyne 22
90%
2021/22 (Premier League - 12th) England RB 30 Nathaniel Clyne 16
90%
2020/21 (Premier League - 14th) England RB 29 Nathaniel Clyne 13
90%
2023/24 (Premier League - 10th) France ST 26 Odsonne Edouard 30 7
90%
2022/23 (Premier League - 11th) France ST 24 Odsonne Edouard 35 5
90%
2021/22 (Premier League - 12th) France ST 23 Odsonne Edouard 28 6
90%
2023/24 (Premier League - 10th) United States CB 24 Chris Richards 26 1
88%
2022/23 (Premier League - 11th) United States CB 22 Chris Richards 9
88%
2022/23 (Premier League - 11th) Scotland CM 34 James McArthur 4
88%
2021/22 (Premier League - 12th) Scotland CM 33 James McArthur 21
88%
2020/21 (Premier League - 14th) Scotland CM 32 James McArthur 18
88%
2019/20 (Premier League - 14th) Scotland CM 31 James McArthur 37
88%
2018/19 (Premier League - 12th) Scotland CM 30 James McArthur 38 3
88%
2017/18 (Premier League - 11th) Scotland CM 29 James McArthur 33 5
88%
2016/17 (Premier League - 14th) Scotland CM 28 James McArthur 29 5
88%
2015/16 (Premier League - 15th) Scotland CM 27 James McArthur 28 2
88%
2014/15 (Premier League - 10th) Scotland CM 26 James McArthur 32 2
88%
2023/24 (Premier League - 10th) Colombia DM 29 Jefferson Lerma 28 1
88%
2023/24 (Premier League - 10th) England LB 24 Tyrick Mitchell 37 2
88%
2022/23 (Premier League - 11th) England LB 22 Tyrick Mitchell 36
88%
2021/22 (Premier League - 12th) England LB 21 Tyrick Mitchell 36
88%
2020/21 (Premier League - 14th) England LB 20 Tyrick Mitchell 19 1
88%
2019/20 (Premier League - 14th) England LB 19 Tyrick Mitchell 4
88%
2020/21 (Premier League - 14th) England RW 28 Andros Townsend 34 1
85%
2019/20 (Premier League - 14th) England RW 27 Andros Townsend 24 1
85%
2018/19 (Premier League - 12th) England RW 26 Andros Townsend 38 6
85%
2017/18 (Premier League - 11th) England RW 25 Andros Townsend 36 2
85%
2016/17 (Premier League - 14th) England RW 24 Andros Townsend 36 3
85%
2018/19 (Premier League - 12th) Argentina GK 39 Julian Speroni 1
85%
2017/18 (Premier League - 11th) Argentina GK 38 Julian Speroni 11
85%
2015/16 (Premier League - 15th) Argentina GK 36 Julian Speroni 2
85%
2014/15 (Premier League - 10th) Argentina GK 35 Julian Speroni 36
85%
2023/24 (Premier League - 10th) England GK 31 Sam Johnstone 20
85%
2022/23 (Premier League - 11th) England GK 29 Sam Johnstone 9
85%
2022/23 (Premier League - 11th) Spain GK 35 Vicente Guaita 27
85%
2021/22 (Premier League - 12th) Spain GK 34 Vicente Guaita 30
85%
2020/21 (Premier League - 14th) Spain GK 33 Vicente Guaita 37
85%
2019/20 (Premier League - 14th) Spain GK 32 Vicente Guaita 35
85%
2018/19 (Premier League - 12th) Spain GK 31 Vicente Guaita 20
85%
2023/24 (Premier League - 10th) Colombia RB 28 Daniel Munoz 16
80%
2023/24 (Premier League - 10th) Netherlands DM 27 Jairo Riedewald 9
80%
2022/23 (Premier League - 11th) Netherlands DM 25 Jairo Riedewald 6
80%
2021/22 (Premier League - 12th) Netherlands DM 24 Jairo Riedewald 3
80%
2020/21 (Premier League - 14th) Netherlands DM 23 Jairo Riedewald 33 2
80%
2019/20 (Premier League - 14th) Netherlands DM 22 Jairo Riedewald 17
80%
2017/18 (Premier League - 11th) Netherlands DM 20 Jairo Riedewald 12
80%
2023/24 (Premier League - 10th) England CB 35 James Tomkins 4
80%
2022/23 (Premier League - 11th) England CB 33 James Tomkins 6 1
80%
2021/22 (Premier League - 12th) England CB 32 James Tomkins 8 1
80%
2020/21 (Premier League - 14th) England CB 31 James Tomkins 8
80%
2019/20 (Premier League - 14th) England CB 30 James Tomkins 18 1
80%
2018/19 (Premier League - 12th) England CB 29 James Tomkins 29 1
80%
2017/18 (Premier League - 11th) England CB 28 James Tomkins 28 3
80%
2016/17 (Premier League - 14th) England CB 27 James Tomkins 24 3
80%
2016/17 (Premier League - 14th) Australia DM 31 Mile Jedinak 1
80%
2015/16 (Premier League - 15th) Australia DM 30 Mile Jedinak 27
80%
2014/15 (Premier League - 10th) Australia DM 29 Mile Jedinak 24 5
80%
2023/24 (Premier League - 10th) Mali DM 24 Cheick Doucoure 11
78%
2022/23 (Premier League - 11th) Mali DM 22 Cheick Doucoure 34
78%
2021/22 (Premier League - 12th) England CM 21 Conor Gallagher 34 8
78%
2016/17 (Premier League - 14th) DR Congo LW 27 Yannick Bolasie 1
78%
2015/16 (Premier League - 15th) DR Congo LW 26 Yannick Bolasie 26 5
78%
2014/15 (Premier League - 10th) DR Congo LW 25 Yannick Bolasie 34 4
78%
2017/18 (Premier League - 11th) France CM 31 Yohan Cabaye 31
78%
2016/17 (Premier League - 14th) France CM 30 Yohan Cabaye 32 4
78%
2015/16 (Premier League - 15th) France CM 29 Yohan Cabaye 33 5
78%
2023/24 (Premier League - 10th) England CM 20 Adam Wharton 16
75%
2021/22 (Premier League - 12th) Senegal DM 31 Cheikhou Kouyate 27
75%
2020/21 (Premier League - 14th) Senegal DM 30 Cheikhou Kouyate 36 1
75%
2019/20 (Premier League - 14th) Senegal DM 29 Cheikhou Kouyate 35 1
75%
2018/19 (Premier League - 12th) Senegal DM 28 Cheikhou Kouyate 31
75%
2020/21 (Premier League - 14th) France CB 30 Mamadou Sakho 4
75%
2019/20 (Premier League - 14th) France CB 29 Mamadou Sakho 14
75%
2018/19 (Premier League - 12th) France CB 28 Mamadou Sakho 27
75%
2017/18 (Premier League - 11th) France CB 27 Mamadou Sakho 19 1
75%
2016/17 (Premier League - 14th) France CB 26 Mamadou Sakho 8
75%
2018/19 (Premier League - 12th) England RB 20 Aaron Wan-Bissaka 35
73%
2017/18 (Premier League - 11th) England RB 19 Aaron Wan-Bissaka 7
73%
2018/19 (Premier League - 12th) Norway ST 22 Alexander Sorloth 12
73%
2017/18 (Premier League - 11th) Norway ST 21 Alexander Sorloth 4
73%
2015/16 (Premier League - 15th) England GK 25 Alex McCarthy 7
70%
2020/21 (Premier League - 14th) Ireland CM 29 James McCarthy 16
70%
2019/20 (Premier League - 14th) Ireland CM 28 James McCarthy 33
70%
2020/21 (Premier League - 14th) Belgium ST 26 Michy Batshuayi 18 2
70%
2018/19 (Premier League - 12th) Belgium ST 24 Michy Batshuayi 11 5
70%
2023/24 (Premier League - 10th) Brazil AM 20 Matheus Franca 10
68%
2020/21 (Premier League - 14th) England CB 33 Scott Dann 15 1
68%
2019/20 (Premier League - 14th) England CB 32 Scott Dann 16
68%
2018/19 (Premier League - 12th) England CB 31 Scott Dann 10
68%
2017/18 (Premier League - 11th) England CB 30 Scott Dann 17 1
68%
2016/17 (Premier League - 14th) England CB 29 Scott Dann 23 3
68%
2015/16 (Premier League - 15th) England CB 28 Scott Dann 35 5
68%
2014/15 (Premier League - 10th) England CB 27 Scott Dann 34 2
68%
2020/21 (Premier League - 14th) England CB 34 Gary Cahill 20 1
65%
2019/20 (Premier League - 14th) England CB 33 Gary Cahill 25
65%
2015/16 (Premier League - 15th) England ST 25 Dwight Gayle 16 3
63%
2014/15 (Premier League - 10th) England ST 24 Dwight Gayle 25 5
63%
2019/20 (Premier League - 14th) Germany AM 23 Max Meyer 17
63%
2018/19 (Premier League - 12th) Germany AM 22 Max Meyer 29 1
63%
2019/20 (Premier League - 14th) Turkey ST 28 Cenk Tosun 5 1
60%
2017/18 (Premier League - 11th) Ireland CB 35 Damien Delaney 2
58%
2016/17 (Premier League - 14th) Ireland CB 34 Damien Delaney 30
58%
2015/16 (Premier League - 15th) Ireland CB 33 Damien Delaney 32 2
58%
2014/15 (Premier League - 10th) Ireland CB 32 Damien Delaney 29
58%
2016/17 (Premier League - 14th) Wales CM 29 Joe Ledley 18 1
58%
2015/16 (Premier League - 15th) Wales CM 28 Joe Ledley 19 1
58%
2014/15 (Premier League - 10th) Wales CM 27 Joe Ledley 32 2
58%
2015/16 (Premier League - 15th) Wales AM 21 Jonny Williams 1
58%
2014/15 (Premier League - 10th) Wales AM 20 Jonny Williams 2
58%
2017/18 (Premier League - 11th) South Korea RW 28 Lee Chung-yong 7
58%
2016/17 (Premier League - 14th) South Korea RW 27 Lee Chung-yong 15
58%
2015/16 (Premier League - 15th) South Korea RW 26 Lee Chung-yong 13 1
58%
2014/15 (Premier League - 10th) South Korea RW 25 Lee Chung-yong 3
58%
2022/23 (Premier League - 11th) Belgium CM 22 Albert Sambi Lokonga 9
55%
2018/19 (Premier League - 12th) Mali LW 30 Bakary Sako 4
53%
2017/18 (Premier League - 11th) Mali LW 29 Bakary Sako 16 3
53%
2016/17 (Premier League - 14th) Mali LW 28 Bakary Sako 7
53%
2015/16 (Premier League - 15th) Mali LW 27 Bakary Sako 20 2
53%
2015/16 (Premier League - 15th) Norway CB 34 Brede Hangeland 7
53%
2014/15 (Premier League - 10th) Norway CB 33 Brede Hangeland 14 2
53%
2021/22 (Premier League - 12th) England GK 28 Jack Butland 9
53%
2020/21 (Premier League - 14th) England GK 27 Jack Butland 1
53%
2018/19 (Premier League - 12th) England CM 32 Jason Puncheon 5
53%
2017/18 (Premier League - 11th) England CM 31 Jason Puncheon 10
53%
2016/17 (Premier League - 14th) England CM 30 Jason Puncheon 36
53%
2015/16 (Premier League - 15th) England CM 29 Jason Puncheon 31 2
53%
2014/15 (Premier League - 10th) England CM 28 Jason Puncheon 37 6
53%
2015/16 (Premier League - 15th) Morocco ST 31 Marouane Chamakh 10
53%
2014/15 (Premier League - 10th) Morocco ST 30 Marouane Chamakh 18 2
53%
2019/20 (Premier League - 14th) England ST 26 Connor Wickham 6 1
50%
2018/19 (Premier League - 12th) England ST 25 Connor Wickham 6
50%
2016/17 (Premier League - 14th) England ST 23 Connor Wickham 8 2
50%
2015/16 (Premier League - 15th) England ST 22 Connor Wickham 21 5
50%
2015/16 (Premier League - 15th) Togo ST 31 Emmanuel Adebayor 12 1
50%
2015/16 (Premier League - 15th) Jamaica CB 28 Adrian Mariappa 3
48%
2014/15 (Premier League - 10th) Jamaica CB 27 Adrian Mariappa 12
48%
2022/23 (Premier League - 11th) England GK 18 Joe Whitworth 2
48%
2020/21 (Premier League - 14th) England RB 30 Martin Kelly 1
48%
2019/20 (Premier League - 14th) England RB 29 Martin Kelly 19
48%
2018/19 (Premier League - 12th) England RB 28 Martin Kelly 13
48%
2017/18 (Premier League - 11th) England RB 27 Martin Kelly 15
48%
2016/17 (Premier League - 14th) England RB 26 Martin Kelly 29
48%
2015/16 (Premier League - 15th) England RB 25 Martin Kelly 13
48%
2014/15 (Premier League - 10th) England RB 24 Martin Kelly 31
48%
2023/24 (Premier League - 10th) France CM 22 Naouirou Ahamada 20
48%
2022/23 (Premier League - 11th) France CM 20 Naouirou Ahamada 8
48%
2018/19 (Premier League - 12th) Senegal LB 28 Pape Souare 1
48%
2017/18 (Premier League - 11th) Senegal LB 27 Pape Souare 1
48%
2016/17 (Premier League - 14th) Senegal LB 26 Pape Souare 3
48%
2015/16 (Premier League - 15th) Senegal LB 25 Pape Souare 34
48%
2014/15 (Premier League - 10th) Senegal LB 24 Pape Souare 9
48%
2023/24 (Premier League - 10th) England GK 30 Remi Matthews 1
48%
2016/17 (Premier League - 14th) France GK 31 Steve Mandanda 9
48%
2015/16 (Premier League - 15th) England ST 31 Glenn Murray 2
43%
2014/15 (Premier League - 10th) England ST 30 Glenn Murray 17 7
43%
2023/24 (Premier League - 10th) England RW 21 Jesurun Rak-Sakyi 6
43%
2021/22 (Premier League - 12th) England RW 18 Jesurun Rak-Sakyi 2
43%
2023/24 (Premier League - 10th) England DM 19 David Ozoh 9
40%
2022/23 (Premier League - 11th) England DM 17 David Ozoh 1
40%
2017/18 (Premier League - 11th) England CM 21 Ruben Loftus-Cheek 24 2
40%
2016/17 (Premier League - 14th) France ST 29 Loic Remy 5
33%
2016/17 (Premier League - 14th) France DM 32 Mathieu Flamini 10
33%
2017/18 (Premier League - 11th) Netherlands RB 19 Timothy Fosu-Mensah 21
33%
2019/20 (Premier League - 14th) Spain CM 25 Victor Camarasa 1
33%
2022/23 (Premier League - 11th) England RW 18 Malcolm Ebiowei 3
30%
2015/16 (Premier League - 15th) England ST 21 Patrick Bamford 6
30%
2017/18 (Premier League - 11th) Sierra Leone LW 21 Sullay Kaikai 1
30%
2016/17 (Premier League - 14th) Sierra Leone LW 20 Sullay Kaikai 1
30%
2015/16 (Premier League - 15th) Sierra Leone LW 19 Sullay Kaikai 1
30%
2014/15 (Premier League - 10th) France ST 21 Yaya Sanogo 10
25%
2014/15 (Premier League - 10th) Algeria DM 28 Adlene Guedioura 7
23%
2018/19 (Premier League - 12th) England CM 19 Luke Dreher 1
20%
2021/22 (Premier League - 12th) England CB 20 Nathan Ferguson 1
20%
2014/15 (Premier League - 10th) Scotland CM 24 Barry Bannan 7
18%
2016/17 (Premier League - 14th) England ST 28 Fraizer Campbell 12 1
18%
2015/16 (Premier League - 15th) England ST 27 Fraizer Campbell 11
18%
2014/15 (Premier League - 10th) England ST 26 Fraizer Campbell 20 4
18%
2017/18 (Premier League - 11th) England ST 24 Freddie Ladapo 1
18%
2016/17 (Premier League - 14th) England CM 24 Jordon Mutch 4
18%
2015/16 (Premier League - 15th) England CM 23 Jordon Mutch 20
18%
2014/15 (Premier League - 10th) England CM 22 Jordon Mutch 7
18%
2014/15 (Premier League - 10th) England CM 23 Stuart O'Keefe 2
18%
2019/20 (Premier League - 14th) England LW 17 Brandon Pierrick 2
15%
2015/16 (Premier League - 15th) England CM 19 Hiram Boateng 1
13%
2014/15 (Premier League - 10th) Ireland ST 30 Kevin Doyle 3
13%
2016/17 (Premier League - 14th) England LB 23 Zeki Fryers 8
13%
2014/15 (Premier League - 10th) England LB 21 Zeki Fryers 1
13%
2014/15 (Premier League - 10th) England LW 31 Jerome Thomas 1
10%
2017/18 (Premier League - 11th) England LW 18 Levi Lumeka 1
8%
2014/15 (Premier League - 10th) Nigeria ST 32 Shola Ameobi 4
8%
No matching quizzes found
Score Distribution
Percent of People with Each Score
Percentile by Number Answered
Your Score History
You have not taken this quiz since the last reset